<?xml version="1.0" encoding="UTF-8"?>
<record
    xmlns:xsi="http://www.w3.org/2001/XMLSchema-instance"
    xsi:schemaLocation="http://www.loc.gov/MARC21/slim http://www.loc.gov/standards/marcxml/schema/MARC21slim.xsd"
    xmlns="http://www.loc.gov/MARC21/slim">

  <leader>01257nam0a22002891  4500</leader>
  <controlfield tag="001">v19\rc\1645616</controlfield>
  <controlfield tag="005">20260406101042.0</controlfield>
  <datafield tag="035" ind1=" " ind2=" ">
    <subfield code="a">(NLR Aleph) 005240902</subfield>
  </datafield>
  <datafield tag="090" ind1=" " ind2=" ">
    <subfield code="a">5703264</subfield>
    <subfield code="c">5703264</subfield>
  </datafield>
  <datafield tag="100" ind1=" " ind2=" ">
    <subfield code="a">20061002d1887    |||y0rusy50      ca</subfield>
  </datafield>
  <datafield tag="101" ind1="0" ind2=" ">
    <subfield code="a">rus</subfield>
  </datafield>
  <datafield tag="102" ind1=" " ind2=" ">
    <subfield code="a">RU</subfield>
  </datafield>
  <datafield tag="105" ind1=" " ind2=" ">
    <subfield code="a">y   z   |||||</subfield>
  </datafield>
  <datafield tag="200" ind1="1" ind2=" ">
    <subfield code="a">&#x41A; &#x432;&#x43E;&#x43F;&#x440;&#x43E;&#x441;&#x443; &#x43E; &#x43A;&#x430;&#x441;&#x442;&#x440;&#x430;&#x446;&#x438;&#x438; &#x43F;&#x440;&#x438; &#x444;&#x438;&#x431;&#x440;&#x43E;&#x43C;&#x438;&#x43E;&#x43C;&#x430;&#x445; &#x43C;&#x430;&#x442;&#x43A;&#x438;</subfield>
    <subfield code="e">&#x414;&#x438;&#x441;. &#x43D;&#x430; &#x441;&#x442;&#x435;&#x43F;. &#x434;-&#x440;&#x430; &#x43C;&#x435;&#x434;. &#x43B;&#x435;&#x43A;&#x430;&#x440;&#x44F; &#x413;&#x435;&#x43E;&#x440;&#x433;&#x438;&#x44F; &#x417;&#x432;&#x43E;&#x440;&#x44B;&#x43A;&#x438;&#x43D;&#x430;</subfield>
    <subfield code="f">(&#x418;&#x437; &#x410;&#x43A;&#x443;&#x448;.-&#x433;&#x438;&#x43D;&#x435;&#x43A;&#x43E;&#x43B;. &#x43A;&#x43B;&#x438;&#x43D;&#x438;&#x43A;&#x438; &#x43F;&#x440;&#x43E;&#x444;. &#x410;.&#x418;. &#x41B;&#x435;&#x431;&#x435;&#x434;&#x435;&#x432;&#x430;)</subfield>
  </datafield>
  <datafield tag="210" ind1=" " ind2=" ">
    <subfield code="a">&#x421;&#x430;&#x43D;&#x43A;&#x442;-&#x41F;&#x435;&#x442;&#x435;&#x440;&#x431;&#x443;&#x440;&#x433;</subfield>
    <subfield code="c">&#x43F;&#x430;&#x440;&#x43E;&#x432;&#x430;&#x44F; &#x441;&#x43A;&#x43E;&#x440;&#x43E;&#x43F;&#x435;&#x447;. &#x42F;&#x431;&#x43B;&#x43E;&#x43D;&#x441;&#x43A;&#x438;&#x439; &#x438; &#x41F;&#x435;&#x440;&#x43E;&#x442;&#x442;</subfield>
    <subfield code="d">1887</subfield>
  </datafield>
  <datafield tag="215" ind1=" " ind2=" ">
    <subfield code="a">94 &#x441;.</subfield>
    <subfield code="d">24</subfield>
  </datafield>
  <datafield tag="320" ind1=" " ind2=" ">
    <subfield code="a">&#x411;&#x438;&#x431;&#x43B;&#x438;&#x43E;&#x433;&#x440;.: &#x441;. 89-91</subfield>
  </datafield>
  <datafield tag="700" ind1=" " ind2="1">
    <subfield code="a">&#x417;&#x432;&#x43E;&#x440;&#x44B;&#x43A;&#x438;&#x43D;</subfield>
    <subfield code="b">&#x413;.&#x418;.</subfield>
    <subfield code="f">1857-1925</subfield>
    <subfield code="g">&#x413;&#x435;&#x43E;&#x440;&#x433;&#x438;&#x439; &#x418;&#x432;&#x430;&#x43D;&#x43E;&#x432;&#x438;&#x447;</subfield>
  </datafield>
  <datafield tag="702" ind1=" " ind2="1">
    <subfield code="4">570</subfield>
    <subfield code="8">rus</subfield>
    <subfield code="7">ca</subfield>
    <subfield code="a">&#x41B;&#x435;&#x431;&#x435;&#x434;&#x435;&#x432;</subfield>
    <subfield code="b">&#x410;. &#x418;.</subfield>
    <subfield code="c">&#x432;&#x440;&#x430;&#x447;-&#x433;&#x438;&#x43D;&#x435;&#x43A;&#x43E;&#x43B;&#x43E;&#x433;</subfield>
    <subfield code="f">1950-1923</subfield>
    <subfield code="g">&#x410;&#x43B;&#x435;&#x43A;&#x441;&#x435;&#x439; &#x418;&#x432;&#x430;&#x43D;&#x43E;&#x432;&#x438;&#x447;</subfield>
    <subfield code="3">RU\NLR\AUTH\7778660</subfield>
    <subfield code="9">61588</subfield>
  </datafield>
  <datafield tag="801" ind1=" " ind2="2">
    <subfield code="a">RU</subfield>
    <subfield code="b">NLR</subfield>
    <subfield code="c">20090810</subfield>
    <subfield code="2">rusmarc</subfield>
  </datafield>
  <datafield tag="801" ind1=" " ind2="0">
    <subfield code="a">RU</subfield>
    <subfield code="b">NLR</subfield>
    <subfield code="c">20061002</subfield>
    <subfield code="g">psbo</subfield>
  </datafield>
  <datafield tag="801" ind1=" " ind2="0">
    <subfield code="a">RU</subfield>
    <subfield code="b">RuMoRGB</subfield>
    <subfield code="c">20061002</subfield>
    <subfield code="2">psbo</subfield>
  </datafield>
  <datafield tag="801" ind1=" " ind2="1">
    <subfield code="a">RU</subfield>
    <subfield code="b">ProSoft-M</subfield>
    <subfield code="c">20061002</subfield>
    <subfield code="2">rusmarc</subfield>
  </datafield>
  <datafield tag="852" ind1=" " ind2=" ">
    <subfield code="a">NLR</subfield>
    <subfield code="j">18.320.4.60</subfield>
  </datafield>
  <datafield tag="852" ind1=" " ind2=" ">
    <subfield code="a">NLR</subfield>
    <subfield code="j">131/2134</subfield>
  </datafield>
  <datafield tag="942" ind1=" " ind2=" ">
    <subfield code="c">BOOK</subfield>
  </datafield>
  <datafield tag="980" ind1=" " ind2=" ">
    <subfield code="a">NB</subfield>
  </datafield>
  <datafield tag="995" ind1=" " ind2=" ">
    <subfield code="5">2013-10-26</subfield>
    <subfield code="b">NLR02</subfield>
    <subfield code="c">NLR02</subfield>
    <subfield code="e">RFS</subfield>
    <subfield code="f">5240902-10</subfield>
    <subfield code="k">18.320.4.60</subfield>
    <subfield code="o">0</subfield>
    <subfield code="r">BOOK</subfield>
    <subfield code="s">18320460_</subfield>
  </datafield>
  <datafield tag="995" ind1=" " ind2=" ">
    <subfield code="5">2013-10-26</subfield>
    <subfield code="b">NLR02</subfield>
    <subfield code="c">NLR02</subfield>
    <subfield code="e">RFS</subfield>
    <subfield code="f">5240902-20</subfield>
    <subfield code="k">131/2134</subfield>
    <subfield code="o">0</subfield>
    <subfield code="r">BOOK</subfield>
    <subfield code="s">1312134_</subfield>
  </datafield>
</record>
